| 000 | 00363nam a2200121Ia 4500 | ||
|---|---|---|---|
| 008 | 170221s9999 xx 000 0 und d | ||
| 245 | _aPREDICTING OF THE DEVELOPMENT OF THE ENTERPRISE BY USING NEURAL NETWORK TOOLS | ||
| 260 | _bManagement & Marketing | ||
| 260 | _c2016 | ||
| 300 | _aXIV : 2 | ||
| 650 | _xMarketing. | ||
| 856 | _uhttp://www.mnmk.ro/en/nrcrt.php | ||
| 999 |
_c308412 _d308412 |
||